000 00368nam a2200145Ia 4500
008 191201s2010 xx 000 0 und d
082 _a621.52
_bMAL
100 _aMANKE, B.S
245 0 _aLinear Control Systems with MATLAB Application
250 _aRep
260 _aN.Delhi
_bKhanna Publisher
_c2010
300 _a652
650 _aB.Tech(ECE)
942 _2ddc
_cBK
_021
999 _c4530
_d4530